| 000 | 00668nam a2200217 a 4500 | ||
|---|---|---|---|
| 001 | 22863 | ||
| 003 | CO-ViMGA | ||
| 008 | 141112s2004 ck r 000 u spa d | ||
| 020 | _a9701512170 | ||
| 040 |
_aCO-ViMGA _bspa _cCO-ViMGA |
||
| 082 | 0 | 4 | _aR005.133 C311e |
| 100 | 1 |
_aCeballos Sierra, Javier _932758 |
|
| 245 | 1 | 0 | _aEnciclopedia De Microsoft Vidual C |
| 260 |
_aMéxico : _bAlfaomega |
||
| 300 | _a938p. | ||
| 505 | _aProgramacio basica, Interfaces graficas, Acceso a datos, Apendices. | ||
| 650 | 1 | 4 | _aLENGUAJE DE PROGRAMACION |
| 650 | 1 | 4 |
_aMICROSOFT C ( PROGRAMAS PARA COMPUTADOR) _932759 |
| 650 | 1 | 4 |
_aPROGRAMACION (COMPUTADORES) _98549 |
| 942 |
_2ddc _cBK |
||
| 999 |
_c31156 _d31156 |
||